Blacked out : government secrecy in the information age

Bibliographic Details
Main Author: Roberts, Alasdair
Format: Book
Published: New York : Cambridge University Press , 2006
Subjects:

MARC

LEADER 00000cam a2200000 7i4500
001 0000110607
005 20070924.0
020 |a 0521858704 
090 0 0 |a 323.445   |b ROB 
100 1 |a Roberts, Alasdair 
245 1 0 |a Blacked out :   |b government secrecy in the information age   |c Alasdair Roberts 
260 |a New York :   |b Cambridge University Press ,   |c 2006 
300 |a 322p. ;   |c 23cm. 
600 0 0 |a Government information 
650 0 0 |a Freedom of information 
650 0 0 |a Official secrets 
650 0 0 |a Trasprency in government 
999 |a 00205895   |b BUKU   |c PINJAMAN   |e PERPUSTAKAAN KOMUNITI PETALING JAYA